000 00205nam a2200097Ia 4500
008 170619s9999 xx 000 0 und d
100 _aLIPSCHUTZ- S.
245 0 _aData structure
260 _bTMH
260 _c2007
546 _aENGLISH
999 _c18394
_d18394